Hypotéky v Európe základné trendy v rokoch 2004-2006

Prehľad základných faktov o hypotekárnych úverov v krajinách EÚ. Hypotekárne trhy v roku 2004. Trh nehnuteľností EÚ. Trh EÚ a USA. Financovanie hypotekárnych úverov. Tendencie na hypotekárnych trhoch a trhu realít v roku 2005.

Saved in:
Bibliographic Details
Main Author: Múčková, Viktória
Format: Book Chapter
Language:Slovak
Subjects:
Tags: Add Tag
No Tags, Be the first to tag this record!

MARC

LEADER 00000naa$a2200000$$$4500
001 0049667
005 20231116082936.1
041 0 |a slo 
044 |a SK 
245 1 0 |a Hypotéky v Európe  |b základné trendy v rokoch 2004-2006  |c Viktória Múčková 
520 |a Prehľad základných faktov o hypotekárnych úverov v krajinách EÚ. Hypotekárne trhy v roku 2004. Trh nehnuteľností EÚ. Trh EÚ a USA. Financovanie hypotekárnych úverov. Tendencie na hypotekárnych trhoch a trhu realít v roku 2005. 
610 2 0 |a trh hypotekárny 
610 2 0 |a Európska únia 
610 2 0 |a USA 
610 2 0 |a úver hypotekárny 
610 2 0 |a nehnuteľnosti 
610 2 0 |a Európa 
100 1 |a Múčková, Viktória